Documentos de Estudio. Realidad Centroamericana
Uloženo v:
| Médium: | Text |
|---|---|
| Vydáno: |
INCEP
|
| Tagy: |
Přidat tag
Žádné tagy, Buďte první, kdo vytvoří štítek k tomuto záznamu!
|
MARC
| LEADER | 00000 a a2200000 04500 | ||
|---|---|---|---|
| 001 | 25292 | ||
| 003 | |||
| 040 | |||
| 090 | |a 150003 | ||
| 245 | |a Documentos de Estudio. Realidad Centroamericana | ||
| 260 | |a INCEP | ||
| 300 | |a par. cortada | ||
| 999 | |c 14689 |d 14689 | ||
